AP Government Unit 1 and 2 - Statistics

General Stats
  • This quiz has been taken 381 times
    223 since last reset
  • The average score is 10 of 15
Answer Stats
Hint/Definition Answer % Correct
when the president rejects a law veto
93%
the first 10 amendments in the constitution bill of rights
90%
when one branch can stop another branch from doing something is called checks and balances
80%
name of the group of people who select the president after the popular vote electoral college
80%
what position presides over the senate and votes when there is a tie vice president
79%
the sharing of government power between the national and state government federalism
75%
the long term relationship between a congressional committee, bureaucracy group, and interest group iron triangle
74%
when the president is in charge of the military commander in chief
72%
when the supreme court declares something unconstitutional judicial review
70%
when a politician votes based on their own judgement trustee
63%
powers given to the states found in the 10th amendment reserved
62%
name the system where if you get the popular vote you get all the electoral college votes winner take all
52%
clause where states have to honor public records from other states full faith and credit
51%
returning a fugitive to where they broke the law extradition
45%
a temporary iron triangle issue network
36%
No matching quizzes found
Score Distribution
Percent of People with Each Score
Percentile by Number Answered
Your Score History
You have not taken this quiz since the last reset